Normal view
MARC view
Entry Personal Name
001 - CONTROL NUMBER
- control field: 25555
003 - CONTROL NUMBER IDENTIFIER
- control field: OSt
005 - DATE AND TIME OF LATEST TRANSACTION
- control field: 20230608161013.0
008 - FIXED-LENGTH DATA ELEMENTS
- fixed length control field: 230608|| aca||aabn | a|a d
040 ## - CATALOGING SOURCE
- Original cataloging agency: OSt
- Transcribing agency: OSt
100 ## - HEADING--PERSONAL NAME
- Personal name: ထမ်ႇမသႃႇမိ၊
- Titles and other words associated with a name: ၸဝ်ႈၶူး Dr. ၼေႃႇၶမ်းလႃႉ။
670 ## - SOURCE DATA FOUND
- Source citation: Work cat.: (OSt): ထမ်ႇမသႃႇမိ၊ ၸဝ်ႈၶူး Dr. ၼေႃႇၶမ်းလႃႉ။, ပိုၼ်းပုတ်ႉထသႃႇသၼႃႇလႄႈ တႆး - An analytical Study of Tai Buddhism /, 2008 ။